10 to 1: Cooking Quiz Stats

 Plays Quiz Updated Mar 21, 2018

Challenge
Share
Tweet
Embed
Score 0/55 Timer 06:00
8 Plays Today
% Correct
Spoon
94.7%
Spatula
94.4%
Rolling Pin
94.1%
Tongs
94%
Whisk
93%
Grater
93%
Carving
92.6%
Pizza Cutter
91.7%
Broiling
89.9%
Braising
89.6%
Barbecuing
89.1%
Pressure Cooker
88.8%
Baster
88.8%
Steak
88.7%
Croissant
88.6%
Apron
88.4%
Slow Cooker
88%
Deep Fryer
87.9%
Paring
87.8%
Boning
87.8%
Strainer
87.7%
Roasting
87.5%
Grilling
87.1%
Danish
86.9%
Foamy
86.9%
Gram
86.9%
Strudel
86.8%
Martini
86.5%
% Correct
Fillet
85.8%
Hat
85.4%
Puff
85.2%
Coat
85.1%
Utility
85%
Brioche
84.6%
Liter
84.4%
Toaster
84.2%
Soft Peaks
83.9%
Stiff Peaks
83.1%
Stewing
82.9%
Phyllo
82.8%
Boiling
81.3%
Oven
80.2%
Dry Peaks
79.7%
Stir-frying
79.2%
Highball
79.1%
Choux
76.5%
Sous Chef
74.3%
Red Wine
72.4%
Santoku
72.2%
Chef
71.3%
Snifter
70%
Pastry Blender
69.4%
Lightly
67.9%
Fluting
65.8%
Range
61%

You're not logged in!

Compare scores with friends on all Sporcle quizzes.
Join for Free
OR
Log In

You Might Also Like...

Show Comments

Extras

Top Quizzes Today


Score Distribution

Your Account Isn't Verified!

In order to create a playlist on Sporcle, you need to verify the email address you used during registration. Go to your Sporcle Settings to finish the process.

Report this User

Report this user for behavior that violates our Community Guidelines.

Details: